| 000 | 01092nam a22003377a 4500 | ||
|---|---|---|---|
| 003 | CHAP | ||
| 005 | 20220329133415.0 | ||
| 008 | 971013s1992 us a r 00010 eng d | ||
| 010 | _a6011 | ||
| 011 | _a6983 | ||
| 035 | _a6206 | ||
| 040 | _cCHAP | ||
| 082 | 0 | 0 |
_a633.1 _bS42 |
| 100 | 0 | 0 |
_aShewry, Peter R. _9105677 |
| 245 | 1 |
_aBarley _b: genetics, biochemistry, molecular biology and biotechnology |
|
| 260 |
_aOxon : _bC.A.B. International, _c1992 |
||
| 300 |
_a617 p. _b: ilus. |
||
| 500 | _a60-153 | ||
| 590 |
_aBATCH-UPD _b10 _c20130110 _lUCH01 _h1104 |
||
| 590 |
_aBATCH-UPD _b10 _c20130410 _lUCH01 _h0656 |
||
| 590 |
_aBATCH-UPD _b10 _c20130914 _lUCH01 _h0902 |
||
| 590 |
_aCONVERSION _b10 _c20130109 _lUCH01 _h1304 |
||
| 650 | 1 | 4 |
_aCebada. _920652 |
| 650 | 1 | 4 |
_aCebada _xEnfermedades. _920674 |
| 650 | 1 | 4 |
_aCebada _xGenética. _920681 |
| 650 | 1 | 4 |
_aCebada _xSemilla. _920708 |
| 901 | _aBK | ||
| 942 | _cLIBRO | ||
| 949 |
_a633.1 S42 _bBC _cLIBRO _d33724000190468 _eLIBRO _gI.166653 _h83055 _i6206 _si _t538.00 |
||
| 949 |
_a633.1 S42 _bBC _cLIBRO _d33724000190476 _eLIBRO _fc.2 _h85498 _i6206 _si _t538.00 |
||
| 999 |
_c6011 _d6011 |
||